Dàn trang với Quark Xpress

保存先:
書誌詳細
第一著者: Nguyễn Việt Dũng
フォーマット: 図書
言語:Undetermined
出版事項: Hà Nội Giáo Dục 2000
主題:
タグ: タグ追加
タグなし, このレコードへの初めてのタグを付けませんか!
Thư viện lưu trữ: Trung tâm Học liệu Trường Đại học Cần Thơ
LEADER 00560nam a2200169Ia 4500
001 CTU_38452
008 210402s9999 xx 000 0 und d
082 |a 006.68 
082 |b D513 
100 |a Nguyễn Việt Dũng 
245 0 |a Dàn trang với Quark Xpress 
245 0 |c Nguyễn Việt Dũng, Hoàng Đức Hải 
260 |a Hà Nội 
260 |b Giáo Dục 
260 |c 2000 
650 |a computer graphics - computer programs,corelDRAW ( computer program language ) 
980 |a Trung tâm Học liệu Trường Đại học Cần Thơ